[Event "Tch-CRO 1stA liga 2017"]
[Site "Mali Losinj"]
[Date "2017.10.02"]
[Round "5.41"]
[White "Bosiocic, Marin"]
[Black "Cheparinov, Ivan"]
[Result "0-1"]
[WhiteElo "2607"]
[BlackElo "2695"]
[PlyCount "164"]
[EventDate "2017.??.??"]
[EventCountry "CRO"]

1. d4 Nf6 2. c4 e6 3. Nf3 d5 4. g3 Bb4+ 5. Bd2 Be7 6. Bg2 O-O 7. O-O Nbd7 8.
Qc2 c6 9. Rd1 b6 10. b3 Ba6 11. a4 c5 12. Na3 Bb7 13. a5 dxc4 14. bxc4 cxd4 15.
Nxd4 Qc8 16. Bxb7 Qxb7 17. Qa4 Qe4 18. Be1 Bc5 19. Qc6 Qxc6 20. Nxc6 Rfc8 21.
Nd4 bxa5 22. Bxa5 Ne5 23. Ndc2 Ne4 24. Be1 h5 25. Kg2 Nd6 26. Ne3 Rab8 27. Bc3
Nc6 28. Nac2 Ne4 29. Be1 Rb2 30. Kf1 Bb6 31. f3 Nc5 32. Rdb1 Rxb1 33. Rxb1 f6
34. Ra1 Kf7 35. Ra3 Rc7 36. Bf2 Rd7 37. Be1 Rc7 38. h3 Nd7 39. Bf2 Na5 40. Ra4
Nc5 41. Ra2 Nd7 42. Na3 Nc5 43. g4 hxg4 44. hxg4 Rd7 45. Be1 Nc6 46. Nac2 g5
47. Ra3 Rb7 48. Bf2 Ke8 49. Be1 Bc7 50. Bc3 Be5 51. Bxe5 Rb1+ 52. Kf2 fxe5 53.
Ra1 Rb2 54. Ke1 a5 55. Ra3 a4 56. Kd2 Rb1 57. Kc3 Kd7 58. Ra2 Rb3+ 59. Kd2 e4
60. Ra3 Rb1 61. Kc3 Kd6 62. fxe4 Ke5 63. Ng2 Nxe4+ 64. Kd3 Na5 65. Nce3 Rb2 66.
Nc2 Rb1 67. Nce1 Rd1+ 68. Kc2 Rd2+ 69. Kc1 Rxe2 70. Kd1 Rd2+ 71. Kc1 Kd6 72.
Rd3+ Rxd3 73. Nxd3 Nxc4 74. Nde1 a3 75. Kb1 Nc3+ 76. Kc1 e5 77. Nc2 e4 78. Na1
Ke5 79. Kc2 Nd5 80. Kb3 Nde3 81. Ne1 Kf4 82. Ka2 Kxg4 0-1

[Event "Tch-CRO 1stA liga 2017"]
[Site "Mali Losinj"]
[Date "2017.10.02"]
[Round "5.42"]
[White "Hracek, Zbynek"]
[Black "Beliavsky, Alexander G"]
[Result "1/2-1/2"]
[WhiteElo "2610"]
[BlackElo "2547"]
[PlyCount "116"]
[EventDate "2017.??.??"]
[EventCountry "CRO"]

1. d4 d5 2. Bf4 g6 3. e3 Bg7 4. Nf3 Nf6 5. Be2 O-O 6. Nbd2 Nbd7 7. h3 b6 8. O-O
Bb7 9. a4 c5 10. c3 Ne4 11. a5 Nxd2 12. Qxd2 bxa5 13. Bb5 Nf6 14. Qc2 Qb6 15.
Qa4 a6 16. Bd3 c4 17. Bc2 Bc6 18. Qa3 Ra7 19. Ne5 Bb5 20. Qxa5 Rb7 21. Rfb1 Rc8
22. Qxb6 Rxb6 23. Kf1 Ne4 24. Nf3 Nd6 25. Ke1 f6 26. Bxd6 Rxd6 27. Ba4 Bf8 28.
b4 cxb3 29. Bxb5 axb5 30. Rxb3 Rb6 31. Ke2 e6 32. Ne1 Bd6 33. Nc2 e5 34. Ra5
Rcb8 35. dxe5 fxe5 36. Nb4 Bxb4 37. Rxb4 Kf7 38. Ra7+ R8b7 39. Rxb7+ Rxb7 40.
e4 Ke6 41. Ke3 Kd6 42. exd5 Rc7 43. Rxb5 Rxc3+ 44. Ke4 Rc4+ 45. Kf3 Rc3+ 46.
Kg4 Rc2 47. Kf3 Rc3+ 48. Ke4 Rc4+ 49. Kd3 Rc7 50. h4 Ra7 51. g4 Ra3+ 52. Ke4
Ra4+ 53. Kf3 Ra3+ 54. Kg2 Ra7 55. f3 Rc7 56. g5 Ra7 57. Kg3 Rc7 58. Ra5 Rb7
1/2-1/2

[Event "Tch-CRO 1stA liga 2017"]
[Site "Mali Losinj"]
[Date "2017.10.02"]
[Round "5.43"]
[White "Nevednichy, Vladislav"]
[Black "Leventic, Ivan"]
[Result "1/2-1/2"]
[WhiteElo "2528"]
[BlackElo "2411"]
[PlyCount "71"]
[EventDate "2017.??.??"]
[EventCountry "CRO"]

1. e4 e5 2. Bc4 Nf6 3. d3 c6 4. Nf3 d5 5. Bb3 a5 6. a4 Bb4+ 7. c3 Bd6 8. exd5
Nxd5 9. O-O O-O 10. Re1 Re8 11. Nbd2 Nd7 12. Ne4 Bc7 13. d4 h6 14. Ng3 exd4 15.
Rxe8+ Qxe8 16. Bxd5 cxd5 17. Nxd4 Nf6 18. f3 Qe5 19. Qe2 Bd7 20. Qxe5 Bxe5 21.
Nge2 Ne8 22. Nf4 Nc7 23. Be3 Bxf4 24. Bxf4 Ne6 25. Nxe6 fxe6 26. Be5 Ra6 27.
Kf2 Rb6 28. Ra2 Be8 29. Bc7 Rb3 30. c4 Rb4 31. cxd5 exd5 32. Bxa5 Rxa4 33. Rxa4
Bxa4 34. Bc3 Kf7 35. Bd4 Bb5 36. g4 1/2-1/2

[Event "Tch-CRO 1stA liga 2017"]
[Site "Mali Losinj"]
[Date "2017.10.02"]
[Round "5.44"]
[White "Zivkovic, Vjekoslav"]
[Black "Tica, Sven"]
[Result "1/2-1/2"]
[WhiteElo "2358"]
[BlackElo "2389"]
[PlyCount "55"]
[EventDate "2017.??.??"]
[EventCountry "CRO"]

1. e4 c6 2. d4 d5 3. Nc3 dxe4 4. Nxe4 Nd7 5. Bc4 Ngf6 6. Nxf6+ Nxf6 7. c3 Qc7
8. Qf3 Bg4 9. Qg3 Qxg3 10. hxg3 e6 11. f3 Bf5 12. g4 Bg6 13. Ne2 Bd6 14. Bf4
Ke7 15. Bxd6+ Kxd6 16. Nf4 Nd5 17. Bxd5 cxd5 18. Kd2 f6 19. Rh3 Bf7 20. Re1 h6
21. Nh5 Rhg8 22. Re3 a5 23. Rh1 Rae8 24. Rhe1 Re7 25. R1e2 b6 26. Re1 Ree8 27.
R1e2 Re7 28. Re1 1/2-1/2

[Event "Tch-CRO 1stA liga 2017"]
[Site "Mali Losinj"]
[Date "2017.10.02"]
[Round "5.45"]
[White "Golubovic, Boris"]
[Black "Mrkonjic, Nenad"]
[Result "0-1"]
[WhiteElo "2400"]
[BlackElo "2351"]
[PlyCount "80"]
[EventDate "2017.??.??"]
[EventCountry "CRO"]

1. c4 Nf6 2. Nc3 e6 3. e4 d5 4. e5 d4 5. exf6 dxc3 6. bxc3 Qxf6 7. Nf3 e5 8.
Bd3 Bf5 9. Bxf5 Qxf5 10. O-O Nc6 11. d4 O-O-O 12. Be3 Be7 13. Rb1 exd4 14. cxd4
Bf6 15. d5 b6 16. Qa4 Na5 17. Rb5 Qd7 18. Rfb1 Bc3 19. Qc2 a6 20. Rxb6 cxb6 21.
Qxc3 Nb7 22. Rxb6 Qa4 23. Rc6+ Kb8 24. Qd4 Qxc6 25. Qa7+ Kc8 26. Ne5 Qc7 27. f4
Rd6 28. Qd4 f6 29. Nd3 Rhd8 30. h3 Qa5 31. Kh2 R8d7 32. f5 Kd8 33. Nf4 Kc8 34.
Ne6 Nd8 35. Nf4 Nc6 36. Qb2 Qb4 37. Qf2 Ne5 38. c5 Rxd5 39. Nxd5 Rxd5 40. Qe2
Qb5 0-1

[Event "Tch-CRO 1stA liga 2017"]
[Site "Mali Losinj"]
[Date "2017.10.02"]
[Round "5.46"]
[White "Feletar, Darko"]
[Black "Petrov, Jole"]
[Result "1/2-1/2"]
[WhiteElo "2370"]
[BlackElo "2394"]
[PlyCount "50"]
[EventDate "2017.??.??"]
[EventCountry "CRO"]

1. e4 e5 2. Nf3 Nc6 3. Bc4 Bc5 4. c3 Nf6 5. d3 d6 6. O-O O-O 7. Nbd2 a6 8. Bb3
h6 9. h3 Ba7 10. Re1 Be6 11. Nf1 Qd7 12. Be3 Rfe8 13. Bxa7 Rxa7 14. Ng3 d5 15.
d4 dxe4 16. Nxe5 Nxe5 17. dxe5 Bxb3 18. Qxd7 Nxd7 19. axb3 Rxe5 20. Rxe4 Rxe4
21. Nxe4 Kf8 22. Rd1 Ke7 23. Re1 Kf8 24. Rd1 Ke7 25. Re1 Kf8 1/2-1/2

[Event "Tch-CRO 1stA liga 2017"]
[Site "Mali Losinj"]
[Date "2017.10.02"]
[Round "5.51"]
[White "Ivanchuk, Vassily"]
[Black "Romanov, Evgeny"]
[Result "1/2-1/2"]
[WhiteElo "2727"]
[BlackElo "2626"]
[PlyCount "51"]
[EventDate "2017.??.??"]
[EventCountry "CRO"]

1. e4 e5 2. Nf3 Nc6 3. Bb5 a6 4. Ba4 Nf6 5. O-O Be7 6. d3 b5 7. Bb3 d6 8. a3
Na5 9. Ba2 c5 10. Nc3 Be6 11. Ne2 Nc6 12. Ng3 O-O 13. Bxe6 fxe6 14. c3 d5 15.
Re1 d4 16. c4 bxc4 17. Qa4 Qb6 18. Qxc4 Na5 19. Qa4 Nb3 20. Rb1 Qb5 21. Qxb5
axb5 22. Nxe5 Bd6 23. Nf3 Bxg3 24. hxg3 Ng4 25. Bf4 Rad8 26. Rbd1 1/2-1/2

[Event "Tch-CRO 1stA liga 2017"]
[Site "Mali Losinj"]
[Date "2017.10.02"]
[Round "5.52"]
[White "Ivanisevic, Ivan"]
[Black "Malakhov, Vladimir"]
[Result "1/2-1/2"]
[WhiteElo "2611"]
[BlackElo "2691"]
[PlyCount "91"]
[EventDate "2017.??.??"]
[EventCountry "CRO"]

1. e4 e5 2. Nf3 Nc6 3. d4 exd4 4. Nxd4 Bc5 5. Be3 Qf6 6. c3 Nge7 7. Bb5 Bb6 8.
O-O O-O 9. a4 Bxd4 10. cxd4 d5 11. Nc3 Qg6 12. f3 Be6 13. Qd2 Rad8 14. Ne2 f6
15. Rac1 Qf7 16. b4 Rd7 17. a5 a6 18. Bd3 Na7 19. Nc3 c6 20. Na4 Rdd8 21. Nc5
Bc8 22. Bf4 Ng6 23. Bg3 Kh8 24. exd5 Qxd5 25. Bc4 Qxd4+ 26. Qxd4 Rxd4 27. Bf2
Rxc4 28. Rxc4 Nb5 29. Bg3 Kg8 30. Rd1 Ne7 31. Nxb7 Bxb7 32. Rd7 Nf5 33. Rxb7
Nbd6 34. Rc5 Nxb7 35. Rxf5 g5 36. Be1 Kf7 37. Bc3 Ke6 38. g4 h5 39. h3 hxg4 40.
hxg4 Nd6 41. Rc5 Kd7 42. Kf2 Nb5 43. Ke3 Nxc3 44. Rxc3 Rb8 45. Rc4 Rb5 46. Rd4+
1/2-1/2

[Event "Tch-CRO 1stA liga 2017"]
[Site "Mali Losinj"]
[Date "2017.10.02"]
[Round "5.53"]
[White "Stevic, Hrvoje"]
[Black "Lalic, Bogdan"]
[Result "1-0"]
[WhiteElo "2616"]
[BlackElo "2438"]
[PlyCount "95"]
[EventDate "2017.??.??"]
[EventCountry "CRO"]

1. e4 c5 2. Nf3 Nc6 3. c3 Nf6 4. e5 Nd5 5. Bc4 Nb6 6. Bb3 c4 7. Bc2 d6 8. exd6
e5 9. O-O Be6 10. a4 Bxd6 11. a5 Nd7 12. d4 cxd3 13. Qxd3 Be7 14. a6 b6 15. Rd1
Rc8 16. Na3 f5 17. Nb5 O-O 18. Qe2 Qe8 19. Ng5 Bxg5 20. Bxg5 Qg6 21. Be3 Nf6
22. Nd6 Rc7 23. Bf4 Nd7 24. Bg3 Qf6 25. f3 Ndb8 26. b4 g6 27. b5 f4 28. bxc6
fxg3 29. hxg3 Nxc6 30. Nb5 Rcc8 31. Be4 Qe7 32. Rd6 Nd8 33. Rad1 Rc5 34. Nxa7
Bc4 35. Qd2 Nf7 36. Rd7 Qf6 37. Bb7 Ra5 38. Nc6 Ra2 39. Qe3 e4 40. Nb4 Re2 41.
Qd4 Qg5 42. Nd5 Ne5 43. Ne7+ Kh8 44. f4 Rxf4 45. a7 Rf8 46. Nc6 Qxg3 47. Qxe5+
Qxe5 48. Nxe5 1-0

[Event "Tch-CRO 1stA liga 2017"]
[Site "Mali Losinj"]
[Date "2017.10.02"]
[Round "5.54"]
[White "Plenkovic, Zdenko"]
[Black "Kozul, Zdenko"]
[Result "0-1"]
[WhiteElo "2415"]
[BlackElo "2596"]
[PlyCount "58"]
[EventDate "2017.??.??"]
[EventCountry "CRO"]

1. e4 c5 2. Nf3 Nc6 3. Bb5 Qc7 4. O-O a6 5. Bxc6 dxc6 6. d3 e5 7. a4 a5 8. Qe1
Ne7 9. Nh4 Ng6 10. Nxg6 hxg6 11. Na3 Be6 12. f4 exf4 13. Bxf4 Qb6 14. Nc4 Bxc4
15. dxc4 Qxb2 16. Qe2 Qd4+ 17. Kh1 Qd7 18. Rab1 Be7 19. Rfd1 Qc8 20. Qd3 Qe6
21. Bg3 Rd8 22. Qb3 O-O 23. Qxb7 Bg5 24. Re1 Rd4 25. Rb6 Rxe4 26. Rf1 Qxc4 27.
Rfb1 Qxc2 28. Qxc6 Re6 29. Bd6 Be7 0-1

[Event "Tch-CRO 1stA liga 2017"]
[Site "Mali Losinj"]
[Date "2017.10.02"]
[Round "5.55"]
[White "Palac, Mladen"]
[Black "Sulava, Nenad"]
[Result "1/2-1/2"]
[WhiteElo "2535"]
[BlackElo "2452"]
[PlyCount "37"]
[EventDate "2017.??.??"]
[EventCountry "CRO"]

1. e4 c5 2. Nf3 e6 3. d4 cxd4 4. Nxd4 a6 5. Bd3 d6 6. O-O Nd7 7. c4 Ne5 8. Be2
Nf6 9. Nc3 Be7 10. Be3 O-O 11. f4 Ng6 12. Nb3 b6 13. Bf3 Bb7 14. Qe1 Nd7 15. g3
Rc8 16. Nd2 Qc7 17. Rc1 Qb8 18. h4 Bf6 19. Qe2 1/2-1/2

[Event "Tch-CRO 1stA liga 2017"]
[Site "Mali Losinj"]
[Date "2017.10.02"]
[Round "5.56"]
[White "Loncar, Robert"]
[Black "Jankovic, Alojzije"]
[Result "1/2-1/2"]
[WhiteElo "2368"]
[BlackElo "2582"]
[PlyCount "43"]
[EventDate "2017.??.??"]
[EventCountry "CRO"]

1. e4 c5 2. Nf3 d6 3. c3 Nf6 4. h3 Nbd7 5. Bd3 b6 6. O-O Bb7 7. Re1 Rc8 8. c4
Ne5 9. Bc2 Nxc4 10. Ba4+ Nd7 11. d4 cxd4 12. Nxd4 e6 13. f4 a6 14. f5 b5 15.
fxe6 fxe6 16. Bc2 Qe7 17. a4 b4 18. Bb3 a5 19. Qh5+ g6 20. Qb5 Bg7 21. Nf3 Ncb6
22. Be3 1/2-1/2

[Event "Tch-CRO 1stA liga 2017"]
[Site "Mali Losinj"]
[Date "2017.10.03"]
[Round "6.11"]
[White "Saric, Ivan"]
[Black "Romanov, Evgeny"]
[Result "0-1"]
[WhiteElo "2662"]
[BlackElo "2626"]
[PlyCount "88"]
[EventDate "2017.??.??"]
[EventCountry "CRO"]

1. e4 e5 2. Nf3 Nc6 3. Bb5 a6 4. Ba4 Nf6 5. O-O Be7 6. Re1 b5 7. Bb3 d6 8. c3
O-O 9. h3 Bb7 10. d4 Nd7 11. Nbd2 exd4 12. cxd4 Bf6 13. Nf1 Na5 14. Bc2 Re8 15.
Rb1 c5 16. d5 Nc4 17. b3 Nce5 18. N3h2 Nb6 19. Ne3 a5 20. Nf5 Bc8 21. f4 Ng6
22. Ng4 Bxf5 23. exf5 Bd4+ 24. Kh2 Rxe1 25. Qxe1 Nf8 26. Qg3 Nfd7 27. Bd2 Nf6
28. Nxf6+ Bxf6 29. Qd3 Qd7 30. Re1 a4 31. Bc3 Bxc3 32. f6 g6 33. Qxc3 axb3 34.
axb3 Qd8 35. f5 Nxd5 36. Qf3 Nxf6 37. fxg6 hxg6 38. Rf1 Kg7 39. Kh1 d5 40. g4
Qe7 41. h4 Ra2 42. Bb1 Re2 43. g5 Nh5 44. Kg1 d4 0-1

[Event "Tch-CRO 1stA liga 2017"]
[Site "Mali Losinj"]
[Date "2017.10.03"]
[Round "6.12"]
[White "Ivanisevic, Ivan"]
[Black "Predojevic, Borki"]
[Result "0-1"]
[WhiteElo "2611"]
[BlackElo "2614"]
[PlyCount "66"]
[EventDate "2017.??.??"]
[EventCountry "CRO"]

1. e4 e5 2. Nf3 Nc6 3. d4 exd4 4. Nxd4 Nf6 5. Nxc6 bxc6 6. e5 Qe7 7. Qe2 Nd5 8.
h4 d6 9. c4 Nb6 10. exd6 cxd6 11. Be3 Be6 12. Nd2 Qb7 13. g3 c5 14. Rg1 Be7 15.
Bg2 d5 16. b4 Rc8 17. bxc5 Bxc5 18. cxd5 Nxd5 19. Bxc5 Rxc5 20. Rb1 Qc7 21. Ne4
Rc2 22. Qb5+ Ke7 23. Qa4 Rd8 24. Qa3+ Ke8 25. Bf3 Nc3 26. Nxc3 Rxc3 27. Qa4+
Kf8 28. Qb4+ Kg8 29. Be4 Rc4 30. Qb7 Qe5 31. f3 Qc3+ 32. Kf1 Bh3+ 33. Rg2 Qd2
0-1

[Event "Tch-CRO 1stA liga 2017"]
[Site "Mali Losinj"]
[Date "2017.10.03"]
[Round "6.13"]
[White "Markus, Robert"]
[Black "Lalic, Bogdan"]
[Result "1/2-1/2"]
[WhiteElo "2650"]
[BlackElo "2438"]
[PlyCount "67"]
[EventDate "2017.??.??"]
[EventCountry "CRO"]

1. d4 Nf6 2. c4 e6 3. Nf3 b6 4. g3 Ba6 5. b3 Bb4+ 6. Bd2 Bxd2+ 7. Qxd2 c6 8.
Qb2 d5 9. Nbd2 Qe7 10. Bg2 Nbd7 11. O-O O-O 12. Rac1 c5 13. Ne5 cxd4 14. Nc6
Qd6 15. cxd5 exd5 16. Nxd4 Rfc8 17. Bh3 g6 18. N2f3 Rc5 19. Qa3 Bb7 20. e3 Ne4
21. Bxd7 Qxd7 22. Ne5 Qd6 23. Nd3 Rxc1 24. Qxc1 Ba6 25. Rd1 Rc8 26. Qb2 Bxd3
27. Rxd3 Qf6 28. Rd1 Nc3 29. Rf1 Nb5 30. Rd1 Nc3 31. Re1 Nb5 32. Rd1 Nc3 33.
Re1 Nb5 34. Rd1 1/2-1/2

[Event "Tch-CRO 1stA liga 2017"]
[Site "Mali Losinj"]
[Date "2017.10.03"]
[Round "6.14"]
[White "Sulava, Nenad"]
[Black "Jovanic, Ognjen"]
[Result "1-0"]
[WhiteElo "2452"]
[BlackElo "2490"]
[PlyCount "223"]
[EventDate "2017.??.??"]
[EventCountry "CRO"]

1. d4 d5 2. Bf4 Nf6 3. e3 c5 4. Nc3 cxd4 5. exd4 a6 6. Bd3 Nc6 7. Nce2 Bg4 8.
c3 e6 9. Qb3 Qd7 10. Ng3 Nh5 11. Be3 Ne7 12. N1e2 Nxg3 13. Nxg3 g6 14. h3 Bf5
15. Nxf5 Nxf5 16. Bxf5 exf5 17. Bf4 Bg7 18. Qa3 Qe7+ 19. Qxe7+ Kxe7 20. Kd2 Kd7
21. Rhe1 Rhe8 22. f3 Re6 23. Rxe6 fxe6 24. a4 b6 25. Kd3 Re8 26. Re1 Kc6 27. b3
Bf6 28. c4 Re7 29. Be5 Bxe5 30. Rxe5 Kd6 31. Kc3 Rc7 32. Kb4 Rc8 33. f4 Rb8 34.
Re3 Rb7 35. h4 Rb8 36. Rg3 Kc6 37. h5 a5+ 38. Kc3 gxh5 39. Rg7 Rf8 40. Kd3 Rf6
41. Ke3 h4 42. Kf2 Rh6 43. Re7 Rg6 44. Re8 Kd7 45. Rb8 Kc7 46. Re8 h6 47. cxd5
exd5 48. Re5 Rg3 49. Rxf5 Rxb3 50. Rxd5 h3 51. gxh3 Rxh3 52. f5 Kc6 53. f6 Kxd5
54. f7 Rb3 55. f8=Q Kxd4 56. Qxh6 Kc3 57. Qf6+ Kc2 58. Ke2 Rb4 59. Qc6+ Kb3 60.
Kd3 Ka3 61. Kc2 Rb2+ 62. Kc1 Rb3 63. Qe8 Rb4 64. Kc2 Rb2+ 65. Kc3 Rb3+ 66. Kc4
Rb4+ 67. Kd5 Kb3 68. Qc6 Kb2 69. Qe8 Kb3 70. Kd6 Ka3 71. Kc7 Rb3 72. Qc6 Rb4
73. Kb7 Rb3 74. Ka6 Rb4 75. Qc2 Rb3 76. Qc1+ Ka2 77. Qg1 Rb4 78. Qxb6 Rxa4 79.
Qf2+ Kb3 80. Kb5 Ra3 81. Qd2 Ra2 82. Qc1 a4 83. Qc4+ Kb2 84. Kb4 Kb1 85. Qf1+
Kc2 86. Qe2+ Kb1 87. Qd1+ Kb2 88. Qh1 Kc2 89. Qg2+ Kb1 90. Qg1+ Kc2 91. Qd4 Kc1
92. Qd3 Kb2 93. Qd1 Ra1 94. Qe2+ Kb1 95. Qd2 Ra2 96. Qe1+ Kc2 97. Kc4 Ra3 98.
Qb4 Ra2 99. Kd4 Kc1 100. Kd3 Rg2 101. Qxa4 Rg3+ 102. Ke2 Rg2+ 103. Kf1 Rc2 104.
Ke1 Rc3 105. Ke2 Kb2 106. Kd2 Rb3 107. Qc4 Rg3 108. Qd4+ Kb1 109. Qe4+ Ka2 110.
Kc2 Ka3 111. Qa8+ Kb4 112. Qb8+ 1-0

[Event "Tch-CRO 1stA liga 2017"]
[Site "Mali Losinj"]
[Date "2017.10.03"]
[Round "6.15"]
[White "Kovacevic, Blazimir"]
[Black "Loncar, Robert"]
[Result "1/2-1/2"]
[WhiteElo "2488"]
[BlackElo "2368"]
[PlyCount "75"]
[EventDate "2017.??.??"]
[EventCountry "CRO"]

1. d4 Nf6 2. Bg5 c6 3. Bxf6 exf6 4. c4 Bb4+ 5. Nd2 d5 6. e3 Be6 7. cxd5 Bxd5 8.
a3 Ba5 9. Ne2 O-O 10. Nf4 Re8 11. Be2 Bc7 12. Nxd5 Qxd5 13. O-O Nd7 14. Bf3 Qg5
15. g3 f5 16. Qc2 Rac8 17. Rac1 h5 18. Bg2 g6 19. Qb3 Rb8 20. Qa4 a5 21. b4
axb4 22. axb4 Qe7 23. Qb3 Bd6 24. b5 c5 25. Nc4 Rec8 26. b6 Nf6 27. Rfd1 cxd4
28. exd4 Kg7 29. Re1 Qf8 30. Ne5 Rxc1 31. Rxc1 Qe7 32. Bd5 Bxe5 33. dxe5 Qxe5
34. Bxf7 Rd8 35. Qe6 Qxe6 36. Bxe6 Rd6 37. Rc7+ Kh6 38. Bc8 1/2-1/2

[Event "Tch-CRO 1stA liga 2017"]
[Site "Mali Losinj"]
[Date "2017.10.03"]
[Round "6.16"]
[White "Doric, Nenad"]
[Black "Plenca, Jadranko"]
[Result "1/2-1/2"]
[WhiteElo "2256"]
[BlackElo "2440"]
[PlyCount "52"]
[EventDate "2017.??.??"]
[EventCountry "CRO"]

1. e4 e5 2. Nf3 Nc6 3. Bc4 Bc5 4. c3 Nf6 5. d4 exd4 6. cxd4 Bb4+ 7. Bd2 Bxd2+
8. Nbxd2 d5 9. exd5 Nxd5 10. Qb3 Nce7 11. O-O O-O 12. Rfe1 Nb6 13. Rac1 Nxc4
14. Qxc4 c6 15. Qc5 Nd5 16. Ne4 Nf4 17. Qa3 Bg4 18. Nc5 Qd6 19. Qe3 Bxf3 20.
Qxf3 Rfe8 21. Re4 Rxe4 22. Nxe4 Qc7 23. g3 Nd5 24. Nc3 Nxc3 25. bxc3 Re8 26. c4
h6 1/2-1/2

[Event "Tch-CRO 1stA liga 2017"]
[Site "Mali Losinj"]
[Date "2017.10.03"]
[Round "6.21"]
[White "Cheparinov, Ivan"]
[Black "Ivanchuk, Vassily"]
[Result "1/2-1/2"]
[WhiteElo "2695"]
[BlackElo "2727"]
[PlyCount "27"]
[EventDate "2017.??.??"]
[EventCountry "CRO"]

1. d4 d5 2. c4 dxc4 3. Nf3 a6 4. e3 b5 5. a4 Bb7 6. b3 e6 7. bxc4 bxc4 8. Bxc4
c5 9. O-O Nf6 10. Nbd2 Nbd7 11. Rb1 Qc7 12. Bb2 cxd4 13. Bxd4 Bc5 14. Qe2
1/2-1/2

[Event "Tch-CRO 1stA liga 2017"]
[Site "Mali Losinj"]
[Date "2017.10.03"]
[Round "6.22"]
[White "Malakhov, Vladimir"]
[Black "Hracek, Zbynek"]
[Result "1/2-1/2"]
[WhiteElo "2691"]
[BlackElo "2610"]
[PlyCount "30"]
[EventDate "2017.??.??"]
[EventCountry "CRO"]

1. e4 c5 2. Nf3 d6 3. Bb5+ Bd7 4. c4 g6 5. d4 cxd4 6. Nxd4 Bg7 7. Nc3 Nf6 8.
O-O O-O 9. Bxd7 Nbxd7 10. b3 e6 11. Re1 d5 12. exd5 exd5 13. Ba3 Re8 14. Rxe8+
Qxe8 15. cxd5 Qe5 1/2-1/2

[Event "Tch-CRO 1stA liga 2017"]
[Site "Mali Losinj"]
[Date "2017.10.03"]
[Round "6.23"]
[White "Leventic, Ivan"]
[Black "Stevic, Hrvoje"]
[Result "1/2-1/2"]
[WhiteElo "2411"]
[BlackElo "2616"]
[PlyCount "30"]
[EventDate "2017.??.??"]
[EventCountry "CRO"]

1. e4 e5 2. Nf3 Nc6 3. Bb5 a6 4. Ba4 Nf6 5. d4 exd4 6. O-O Be7 7. e5 Ne4 8.
Nxd4 O-O 9. Nf5 d5 10. exd6 Bxf5 11. dxe7 Nxe7 12. Nc3 Nc5 13. Bb3 Nxb3 14.
cxb3 Qxd1 15. Rxd1 Rfd8 1/2-1/2

[Event "Tch-CRO 1stA liga 2017"]
[Site "Mali Losinj"]
[Date "2017.10.03"]
[Round "6.24"]
[White "Kozul, Zdenko"]
[Black "Zivkovic, Vjekoslav"]
[Result "1/2-1/2"]
[WhiteElo "2596"]
[BlackElo "2358"]
[PlyCount "64"]
[EventDate "2017.??.??"]
[EventCountry "CRO"]

1. d4 d5 2. c4 c6 3. e3 Nf6 4. Nf3 g6 5. Nc3 Bg7 6. Be2 O-O 7. O-O b6 8. b3 Bb7
9. a4 c5 10. Ba3 cxd4 11. exd4 dxc4 12. Bxc4 Nc6 13. Re1 a5 14. Nb5 Rc8 15. Ne5
Nb4 16. Bxb4 axb4 17. Qd2 Nd5 18. Rad1 e6 19. Rc1 Qe7 20. h3 h5 21. Bd3 Rxc1
22. Qxc1 Rc8 23. Nc4 Rd8 24. Be4 Nc3 25. Nxc3 bxc3 26. Bxb7 Qxb7 27. Qxc3 Bxd4
28. Qc2 Qd5 29. Kf1 b5 30. axb5 Qxb5 31. Rd1 Rd5 32. h4 Kg7 1/2-1/2

[Event "Tch-CRO 1stA liga 2017"]
[Site "Mali Losinj"]
[Date "2017.10.03"]
[Round "6.25"]
[White "Mrkonjic, Nenad"]
[Black "Palac, Mladen"]
[Result "1/2-1/2"]
[WhiteElo "2351"]
[BlackElo "2535"]
[PlyCount "33"]
[EventDate "2017.??.??"]
[EventCountry "CRO"]

1. d4 d5 2. c4 e6 3. Nf3 Nf6 4. Nc3 dxc4 5. e3 a6 6. Bxc4 b5 7. Be2 Bb7 8. a3
c5 9. O-O cxd4 10. Nxd4 Nbd7 11. b4 Be7 12. Bb2 O-O 13. Nb3 Rc8 14. Rc1 Qb6 15.
Na5 Ba8 16. Bf3 Qb8 17. Bxa8 1/2-1/2

[Event "Tch-CRO 1stA liga 2017"]
[Site "Mali Losinj"]
[Date "2017.10.03"]
[Round "6.26"]
[White "Jankovic, Alojzije"]
[Black "Feletar, Darko"]
[Result "1-0"]
[WhiteElo "2582"]
[BlackElo "2370"]
[PlyCount "63"]
[EventDate "2017.??.??"]
[EventCountry "CRO"]

1. d4 d5 2. c4 dxc4 3. e4 a6 4. Bxc4 c5 5. d5 b5 6. Be2 e6 7. a4 b4 8. Bc4 Nf6
9. Bg5 Be7 10. Bxf6 Bxf6 11. Qb3 exd5 12. Bxd5 Ra7 13. Nf3 Re7 14. O-O O-O 15.
Nbd2 Be6 16. Rac1 Nd7 17. Nc4 Bxd5 18. exd5 Nb6 19. Ne3 Bd4 20. Nf5 Re4 21.
Rfe1 Qxd5 22. N5xd4 cxd4 23. Qxb4 Rxe1+ 24. Rxe1 Nd7 25. Qxd4 Qxd4 26. Nxd4 Rc8
27. Kf1 Rc4 28. Rd1 f6 29. b3 Rb4 30. Nc6 Rb7 31. b4 Rb6 32. Ne7+ 1-0

[Event "Tch-CRO 1stA liga 2017"]
[Site "Mali Losinj"]
[Date "2017.10.03"]
[Round "6.31"]
[White "Rogic, Davor"]
[Black "Bosiocic, Marin"]
[Result "1/2-1/2"]
[WhiteElo "2511"]
[BlackElo "2607"]
[PlyCount "58"]
[EventDate "2017.??.??"]
[EventCountry "CRO"]

1. e4 c5 2. Nf3 e6 3. d4 cxd4 4. Nxd4 Nc6 5. Nc3 Qc7 6. Be2 a6 7. O-O Nf6 8.
Be3 Be7 9. f4 d6 10. Kh1 O-O 11. Qe1 Nxd4 12. Bxd4 b5 13. a3 Bb7 14. Qg3 Bc6
15. Rae1 Qb7 16. Bd3 b4 17. Nd1 bxa3 18. bxa3 Rac8 19. Nf2 Bb5 20. Ng4 Nxg4 21.
Qxg4 e5 22. fxe5 dxe5 23. Bxe5 f6 24. Ba1 Qd7 25. Qxd7 Bxd7 26. e5 fxe5 27.
Bxe5 Bxa3 28. Rxf8+ Bxf8 29. Bxa6 Rxc2 1/2-1/2

[Event "Tch-CRO 1stA liga 2017"]
[Site "Mali Losinj"]
[Date "2017.10.03"]
[Round "6.33"]
[White "Rubil, Marko"]
[Black "Nevednichy, Vladislav"]
[Result "0-1"]
[WhiteElo "2298"]
[BlackElo "2528"]
[PlyCount "68"]
[EventDate "2017.??.??"]
[EventCountry "CRO"]

1. e4 g6 2. d4 Bg7 3. Nc3 a6 4. f4 b5 5. Nf3 Bb7 6. Bd3 d6 7. Qe2 Nd7 8. e5 e6
9. a4 bxa4 10. O-O Ne7 11. Ne4 d5 12. Neg5 h6 13. Nxf7 Kxf7 14. Nh4 Nf8 15. g4
Bc8 16. Nxg6 Nfxg6 17. f5 exf5 18. gxf5 Nxf5 19. Qh5 Qh4 20. Rxf5+ Bxf5 21.
Qxf5+ Ke7 22. Bd2 Qxd4+ 23. Kh1 Nxe5 24. Re1 Raf8 25. Qg6 Rf7 26. Qh5 Kf8 27.
Bc3 Qf2 28. Bb4+ c5 29. Rf1 Qe3 30. Rxf7+ Nxf7 31. Ba5 Bd4 32. Qg4 Qc1+ 33. Kg2
Rg8 34. Bg6 Qg1+ 0-1

[Event "Tch-CRO 1stA liga 2017"]
[Site "Mali Losinj"]
[Date "2017.10.03"]
[Round "6.34"]
[White "Tica, Sven"]
[Black "Matanovic, Luka"]
[Result "1-0"]
[WhiteElo "2389"]
[BlackElo "2211"]
[PlyCount "83"]
[EventDate "2017.??.??"]
[EventCountry "CRO"]

1. d4 Nf6 2. Nf3 g6 3. g3 Bg7 4. Bg2 O-O 5. O-O d6 6. b3 a5 7. c4 a4 8. Bb2 c6
9. Nbd2 d5 10. e3 Bg4 11. h3 Bxf3 12. Bxf3 Qc8 13. Bg2 Rd8 14. Rc1 axb3 15.
Qxb3 e6 16. Bc3 Nbd7 17. a4 Ra6 18. Ra1 b6 19. a5 Qb7 20. axb6 Rxb6 21. Qa2 c5
22. cxd5 Nxd5 23. Nc4 Nxc3 24. Bxb7 Nxa2 25. Nxb6 Nxb6 26. dxc5 Bxa1 27. Rxa1
Rb8 28. Rxa2 Rxb7 29. Rb2 Na4 30. Rxb7 Nxc5 31. Rc7 Ne4 32. Kg2 h5 33. f3 Nd6
34. e4 Kg7 35. h4 Kf6 36. Rc6 Nb5 37. Kf2 Nd4 38. Ra6 g5 39. Ra5 gxh4 40. gxh4
e5 41. f4 Ne6 42. Rxe5 1-0

[Event "Tch-CRO 1stA liga 2017"]
[Site "Mali Losinj"]
[Date "2017.10.03"]
[Round "6.35"]
[White "Vukelic, Tomislav"]
[Black "Petrov, Jole"]
[Result "0-1"]
[WhiteElo "2226"]
[BlackElo "2394"]
[PlyCount "93"]
[EventDate "2017.??.??"]
[EventCountry "CRO"]

1. Nf3 d5 2. b3 Bf5 3. Bb2 e6 4. g3 Nf6 5. Bg2 h6 6. O-O c6 7. d3 Nbd7 8. Nbd2
Bc5 9. e4 Bh7 10. Qe2 O-O 11. Rfc1 Qb6 12. e5 Ne8 13. c4 a5 14. Bf1 Nc7 15. d4
Be7 16. c5 Qa7 17. Nb1 f6 18. Nbd2 b6 19. cxb6 Qxb6 20. exf6 Rxf6 21. Ne5 Nxe5
22. Qxe5 Raf8 23. f3 Nb5 24. Bxb5 Qxb5 25. Qe3 a4 26. Bc3 a3 27. Re1 g5 28.
Rac1 Bd6 29. Kg2 Bg6 30. Rf1 Kh7 31. Ba1 Bf5 32. Bc3 c5 33. dxc5 Bxc5 34. Bd4
Bxd4 35. Qxd4 R8f7 36. Rfe1 h5 37. Rc5 Qa6 38. Re3 h4 39. g4 Bg6 40. Qe5 Qb6
41. Rec3 Qa6 42. b4 Be4 43. b5 Qa4 44. Qxg5 h3+ 45. Kxh3 Qd1 46. Rc1 Qe2 47.
Kg3 0-1